Statistics for Justin Bieber Quiz

Click here to take the quiz!

General Stats

  • This quiz has been taken 1,303 times
    (1,301 since last reset)
  • The average score is 4 of 5

Answer Stats

HintAnswer% Correct
What country is Justin Bieber from?Canada
99%
What year was Justin Bieber born?1994
92%
Pick the word that describes Bieber: Dreamy, Brauny, or CrustyDreamy
91%
Bieber's middle nameDrew
66%
Name of Bieber's debut albumMy World 2.0
50%

Score Distribution

Percentile by Number Answered

Percent of People with Each Score

Your Score History

You have not taken this quiz since the last reset